00685cam a22002297a 450000500170000000800410001701000100005801100100006803500100007808200160008810000350010424500410013926000370018030000110021759000410022859000410026959000420031065000230035290100070037594900560038299900170043820220329141215.0971010s1978 r 00010 d a64356 a65328 a71922 a632.95bW3700aWare, George Whitaker.9121061 0aPesticidesb: theory and application aNew York :bW. H. Freeman,c1978 a308 p. aBATCH-UPDb10c20130109lUCH01h2338 aBATCH-UPDb10c20130110lUCH01h0940 aCONVERSIONb10c20130109lUCH01h133514aPesticidas.987536 aBK a632.95 W37bPAcLIBROd-4600eLIBROh1249i71922si c64356d64356